| 000 -LEADER |
| fixed length control field |
02126cam a2200421 i 4500 |
| 001 - CONTROL NUMBER |
| control field |
10286031 |
| 003 - CONTROL NUMBER IDENTIFIER |
| control field |
OSt |
| 005 - DATE AND TIME OF LATEST TRANSACTION |
| control field |
20170105113101.0 |
| 008 - FIXED-LENGTH DATA ELEMENTS--GENERAL INFORMATION |
| fixed length control field |
121203s2013 nyu 000 1 eng |
| 010 ## - LIBRARY OF CONGRESS CONTROL NUMBER |
| LC control number |
2012042426 |
| 020 ## - INTERNATIONAL STANDARD BOOK NUMBER |
| International Standard Book Number |
9780385349833 (hardback) |
| 020 ## - INTERNATIONAL STANDARD BOOK NUMBER |
| International Standard Book Number |
0385349831 (hardback) |
| 024 ## - OTHER STANDARD IDENTIFIER |
| Standard number or code |
40022269098 |
| 035 ## - SYSTEM CONTROL NUMBER |
| System control number |
(OCoLC)820349319 |
| Canceled/invalid control number |
(OCoLC)812068493 |
| 035 ## - SYSTEM CONTROL NUMBER |
| System control number |
(OCoLC)ocn820349319 |
| 035 ## - SYSTEM CONTROL NUMBER |
| System control number |
(NNC)10286031 |
| 040 ## - CATALOGING SOURCE |
| Original cataloging agency |
DLC |
| Language of cataloging |
eng |
| Description conventions |
rda |
| Transcribing agency |
DLC |
| Modifying agency |
YDXCP |
| -- |
BTCTA |
| -- |
BDX |
| -- |
IEB |
| -- |
UPZ |
| -- |
TXA |
| -- |
OIP |
| 041 1# - LANGUAGE CODE |
| Language code of text/sound track or separate title |
eng |
| Language code of original |
por |
| 042 ## - AUTHENTICATION CODE |
| Authentication code |
pcc |
| 043 ## - GEOGRAPHIC AREA CODE |
| Geographic area code |
a-is--- |
| -- |
awba--- |
| 050 00 - LIBRARY OF CONGRESS CALL NUMBER |
| Classification number |
PQ9698.13.O3546 |
| Item number |
M3613 2013 |
| 082 00 - DEWEY DECIMAL CLASSIFICATION NUMBER |
| Classification number |
869.3/42 |
| Edition number |
23 |
| 084 ## - OTHER CLASSIFICATION NUMBER |
| Classification number |
FIC039000 |
| -- |
FIC009030 |
| -- |
FIC051000 |
| Number source |
bisacsh |
| 100 1# - MAIN ENTRY--PERSONAL NAME |
| Personal name |
Coelho, Paulo. |
| 240 10 - UNIFORM TITLE |
| Uniform title |
Manuscrito encontrado em Accra. |
| Language of a work |
English |
| 245 10 - TITLE STATEMENT |
| Title |
Manuscript found in Accra / |
| Statement of responsibility, etc. |
Paulo Coelho ; translated from the Portuguese by Margaret Jull Costa. |
| 250 ## - EDITION STATEMENT |
| Edition statement |
First American edition. |
| 300 ## - PHYSICAL DESCRIPTION |
| Extent |
xiv, 190 pages ; |
| Dimensions |
20 cm |
| 500 ## - GENERAL NOTE |
| General note |
"Originally published in Brazil as Manuscrito encantrado em Accra by Sextante, Rio de Janeiro, in 2012"--T.p. verso. |
| 520 ## - SUMMARY, ETC. |
| Summary, etc. |
"The latest novel from #1 internationally best-selling author Paulo Coelho is a classic of inspiration and reflection, a meditation on life, love, and the significance of change. A novel of philosophical reflection set in Jerusalem during the time of the Crusades. Here a community of Christians, Arabs, and Jews who have long lived together harmoniously have been warned of an imminent attack and certain destruction. Contemplating their demise, the community assembles to seek the wise counsel of a Greek Copt, who imparts comforting and guiding wisdom on the enduring attributes of human character. The novel unfolds as a sequence of parables on love, faith, sex, friendship, beauty, bravery, loyalty, and success. "-- |
| 650 #0 - SUBJECT ADDED ENTRY--TOPICAL TERM |
| Topical term or geographic name entry element |
Crusades |
| Form subdivision |
Fiction. |
| 651 #0 - SUBJECT ADDED ENTRY--GEOGRAPHIC NAME |
| Geographic name |
Jerusalem |
| General subdivision |
History |
| Chronological subdivision |
Latin Kingdom, 1099-1244 |
| Form subdivision |
Fiction. |
| 655 #0 - INDEX TERM--GENRE/FORM |
| Genre/form data or focus term |
Religious fiction. |
| 700 1# - ADDED ENTRY--PERSONAL NAME |
| Personal name |
Costa, Margaret Jull. |
| 942 ## - ADDED ENTRY ELEMENTS (KOHA) |
| Source of classification or shelving scheme |
|
| Koha item type |
Book |
| 948 1# - LOCAL PROCESSING INFORMATION (OCLC); SERIES PART DESIGNATOR (RLIN) |
| Series part designator, SPT (RLIN) |
20130528 |
| b (OCLC) |
c |
| c (OCLC) |
vt2130 |
| d (OCLC) |
MPS |